| 000 | 01011nam a22001937a 4500 | ||
|---|---|---|---|
| 999 |
_c58398 _d58398 |
||
| 005 | 20220117121616.0 | ||
| 008 | 220117s2021 enk||||| |||| 00| 0 eng d | ||
| 020 | _a9780367422974 | ||
| 041 | _aeng | ||
| 080 | _a372 P-92 | ||
| 100 |
_aPrice, Deborah _913392 |
||
| 245 |
_aSupporting Young Children Experiencing Loss and Grief: A Practical Guide _cDeborah Price, Clair Barnard. |
||
| 264 |
_aLondon : _bRoutledge, Taylor & Francis Group, _c2021. |
||
| 300 |
_a133 p.; _b25 cm. |
||
| 653 | _aმცირეწლოვანი ბავშვების დახმარება, რომლებიც განიცდიან დაკარგვას და მწუხარებას: პრაქტიკული გზამკვლევი | ||
| 653 | _aПоддержка маленьких детей, переживающих утрату и горе: практическое руководство | ||
| 700 |
_aBarnard, Clair _eავტორი _913393 |
||
| 942 |
_2udc _cBK |
||